| Tag |
First Indicator |
Second Indicator |
Subfields |
| LEADER |
00000cas a2200000 a 4500 |
| 001 |
in00000010543 |
| 005 |
20200904132043.0 |
| 008 |
880129c19889999iluqr p 0 a0eng c |
| 010 |
|
|
|a 88649315
|z sn 88015704
|
| 035 |
|
|
|a (OCoLC)ocm17407825
|
| 035 |
|
|
|9 AAA2760AM
|
| 040 |
|
|
|a BKM
|b eng
|c BKM
|d NST
|d DLC
|d NSD
|d NYG
|d NST
|d NSD
|d NST
|d NSD
|d OCL
|d OCLCQ
|d NSD
|d MYG
|d OCLCQ
|d OCLCF
|
| 022 |
0 |
|
|a 1040-2004
|l 1040-2004
|y 0569-8197
|2 1
|
| 029 |
1 |
|
|a NLGGC
|b 046085890
|
| 029 |
1 |
|
|a NZ1
|b 3286126
|
| 029 |
1 |
|
|a AU@
|b 000005751439
|
| 029 |
1 |
|
|a AU@
|b 000006807171
|
| 029 |
1 |
|
|a ZWZ
|b 040254704
|
| 030 |
|
|
|a TRTRE4
|
| 032 |
|
|
|a 746190
|b USPS
|
| 035 |
|
|
|a (OCoLC)17407825
|
| 037 |
|
|
|b Tribology Transactions, 838 Busse Highway, Park Ridge, IL 60068
|
| 042 |
|
|
|a pcc
|a nsdp
|
| 050 |
0 |
0 |
|a TJ1075.A2
|b A25
|
| 082 |
0 |
0 |
|a 621.8/9
|2 19
|
| 049 |
|
|
|a TXAM
|
| 210 |
0 |
|
|a Tribol. trans.
|
| 222 |
|
0 |
|a Tribology transactions
|
| 245 |
0 |
0 |
|a Tribology transactions :
|b a publication of the Society of Tribologists and Lubrication Engineers.
|
| 246 |
3 |
|
|a Society of Tribologists and Lubrication Engineers tribology transactions
|
| 246 |
1 |
3 |
|a STLE transactions
|
| 264 |
|
1 |
|a Park Ridge, IL :
|b Society of Tribologists and Lubrication Engineers,
|c 1988-
|
| 300 |
|
|
|a volumes :
|b illustrations ;
|c 29 cm.
|
| 310 |
|
|
|a Quarterly
|
| 336 |
|
|
|a text
|b txt
|2 rdacontent
|
| 337 |
|
|
|a unmediated
|b n
|2 rdamedia
|
| 338 |
|
|
|a volume
|b nc
|2 rdacarrier
|
| 362 |
1 |
|
|a Began with: Vol. 31, no. 1 (Jan. 1988).
|
| 500 |
|
|
|a Published: Oxford, UK : Taylor & Francis, <2005->
|
| 510 |
2 |
|
|a Chemical abstracts
|x 0009-2258
|
| 530 |
|
|
|a Also issued online.
|
| 588 |
|
|
|a Latest issue consulted: Vol. 48, no. 4 (Oct./Dec. 2005) (surrogate).
|
| 650 |
|
0 |
|a Tribology
|v Periodicals.
|
| 650 |
|
0 |
|a Lubrication and lubricants
|v Periodicals.
|
| 650 |
|
7 |
|a Lubrication and lubricants.
|2 fast
|0 (OCoLC)fst01003341
|
| 650 |
|
7 |
|a Tribology.
|2 fast
|0 (OCoLC)fst01156503
|
| 655 |
|
7 |
|a Periodicals.
|2 fast
|0 (OCoLC)fst01411641
|
| 710 |
2 |
|
|a Society of Tribologists and Lubrication Engineers.
|
| 776 |
1 |
|
|t Tribology transactions (Online)
|x 1547-397X
|w (DLC) 2003215735
|w (OCoLC)53351776
|
| 780 |
0 |
0 |
|a American Society of Lubrication Engineers.
|t ASLE transactions
|x 0569-8197
|w (DLC) 58009688
|w (OCoLC)1480820
|
| 850 |
|
|
|a AU
|a AzTeS
|a CPT
|a CSt
|a CU
|a CU-A
|a CU-S
|a CU-SB
|a CaBVaU
|a CaOTU
|a DLC
|a FU
|a ICU
|a ICarbS
|a IEN
|a IaAS
|a IaU
|a InLP
|a KMK
|a KyU
|a LU
|a MCM
|a MdU
|a MiDW
|a MiEM
|a N
|a NBuU-SE
|a NIC
|a NN
|a NNC
|a NNE
|a NSyU
|a NcD
|a NcRS
|a NmU
|a OCU
|a OU
|a OrCS
|a PPiC
|a PU
|a RPB-S
|a TU
|a TxCM
|a TxDaM
|a UPB
|a UU
|a ViBlbV
|a ViU
|a WaU
|
| 994 |
|
|
|a C0
|b TXA
|
| 949 |
|
|
|a updated
|b h
|c 2019/9/11
|e coplinger
|f 11:40:34 am
|
| 999 |
f |
f |
|s 563943dd-07fe-381a-981f-c491e8bc0cca
|i 48ed3d3d-e6a2-3f82-a089-93310f160d69
|t 0
|
| 952 |
f |
f |
|p ric
|a Texas A&M University
|b Rellis Campus
|c Joint Library Facility
|d Remote Storage
|t 0
|e TJ1075.A2 A25
|h Library of Congress classification
|i unmediated -- volume
|k v.34:no.3-4
|l 1991:July-Oct.
|m A14821207274
|
| 952 |
f |
f |
|p ric
|a Texas A&M University
|b Rellis Campus
|c Joint Library Facility
|d Remote Storage
|t 0
|e TJ1075.A2 A25
|h Library of Congress classification
|i unmediated -- volume
|k v.42:no.1-2
|l 1999:Jan.-April
|m A14824949540
|
| 952 |
f |
f |
|p ric
|a Texas A&M University
|b Rellis Campus
|c Joint Library Facility
|d Remote Storage
|t 0
|e TJ1075.A2 A25
|h Library of Congress classification
|i unmediated -- volume
|k v.48:no.1-2
|l 2005:Jan./Mar.-Apr./June
|m A14833445812
|
| 952 |
f |
f |
|p ric
|a Texas A&M University
|b Rellis Campus
|c Joint Library Facility
|d Remote Storage
|t 0
|e TJ1075.A2 A25
|h Library of Congress classification
|i unmediated -- volume
|k v.45:no.1-2
|l 2002:Jan.-Apr.
|m A14829651346
|
| 952 |
f |
f |
|p ric
|a Texas A&M University
|b Rellis Campus
|c Joint Library Facility
|d Remote Storage
|t 0
|e TJ1075.A2 A25
|h Library of Congress classification
|i unmediated -- volume
|k v.44:no.3-4
|l 2001:July-Oct.
|m A14828574517
|
| 952 |
f |
f |
|p ric
|a Texas A&M University
|b Rellis Campus
|c Joint Library Facility
|d Remote Storage
|t 0
|e TJ1075.A2 A25
|h Library of Congress classification
|i unmediated -- volume
|k v.39:no.1-2
|l 1996:Jan.-Apr.
|m A14820949726
|
| 952 |
f |
f |
|p ric
|a Texas A&M University
|b Rellis Campus
|c Joint Library Facility
|d Remote Storage
|t 0
|e TJ1075.A2 A25
|h Library of Congress classification
|i unmediated -- volume
|k v.31
|l 1988
|m A14811715495
|
| 952 |
f |
f |
|p ric
|a Texas A&M University
|b Rellis Campus
|c Joint Library Facility
|d Remote Storage
|t 0
|e TJ1075.A2 A25
|h Library of Congress classification
|i unmediated -- volume
|k v.43:no.3-4
|l 2000:July-Oct.
|m A14828574436
|
| 952 |
f |
f |
|p ric
|a Texas A&M University
|b Rellis Campus
|c Joint Library Facility
|d Remote Storage
|t 0
|e TJ1075.A2 A25
|h Library of Congress classification
|i unmediated -- volume
|k v.43:no.1
|l 2000:Jan.
|m A14828574397
|
| 952 |
f |
f |
|p ric
|a Texas A&M University
|b Rellis Campus
|c Joint Library Facility
|d Remote Storage
|t 0
|e TJ1075.A2 A25
|h Library of Congress classification
|i unmediated -- volume
|k v.33:no.3-4
|l 1990:July-Oct.
|m A14812957927
|
| 952 |
f |
f |
|p ric
|a Texas A&M University
|b Rellis Campus
|c Joint Library Facility
|d Remote Storage
|t 0
|e TJ1075.A2 A25
|h Library of Congress classification
|i unmediated -- volume
|k v.41:no.1-2
|l 1998:Jan.-Apr.
|m A14823514415
|
| 952 |
f |
f |
|p ric
|a Texas A&M University
|b Rellis Campus
|c Joint Library Facility
|d Remote Storage
|t 0
|e TJ1075.A2 A25
|h Library of Congress classification
|i unmediated -- volume
|k v.36:no.1-2
|l 1993:Jan.-Apr.
|m A14817907503
|
| 952 |
f |
f |
|p ric
|a Texas A&M University
|b Rellis Campus
|c Joint Library Facility
|d Remote Storage
|t 0
|e TJ1075.A2 A25
|h Library of Congress classification
|i unmediated -- volume
|k v.40:no.3-4
|l 1997:July-Oct.
|m A14823650295
|
| 952 |
f |
f |
|p ric
|a Texas A&M University
|b Rellis Campus
|c Joint Library Facility
|d Remote Storage
|t 0
|e TJ1075.A2 A25
|h Library of Congress classification
|i unmediated -- volume
|k v.40:no.1-2
|l 1997Jan.-Apr.
|m A14823650245
|
| 952 |
f |
f |
|p ric
|a Texas A&M University
|b Rellis Campus
|c Joint Library Facility
|d Remote Storage
|t 0
|e TJ1075.A2 A25
|h Library of Congress classification
|i unmediated -- volume
|k v.47:no.1-2
|l 2004:Jan./Mar.-Apr./June
|m A14832852359
|
| 952 |
f |
f |
|p ric
|a Texas A&M University
|b Rellis Campus
|c Joint Library Facility
|d Remote Storage
|t 0
|e TJ1075.A2 A25
|h Library of Congress classification
|i unmediated -- volume
|k v.37:no.3-4
|l 1994:July-Oct.
|m A14818840869
|
| 952 |
f |
f |
|p ric
|a Texas A&M University
|b Rellis Campus
|c Joint Library Facility
|d Remote Storage
|t 0
|e TJ1075.A2 A25
|h Library of Congress classification
|i unmediated -- volume
|k v.35:no.1-2
|l 1992:Jan.-Apr.
|m A14816141243
|
| 952 |
f |
f |
|p ric
|a Texas A&M University
|b Rellis Campus
|c Joint Library Facility
|d Remote Storage
|t 0
|e TJ1075.A2 A25
|h Library of Congress classification
|i unmediated -- volume
|k v.48:no.3-4
|l 2005:July/Sept.-Oct./Dec.
|m A14833445773
|
| 952 |
f |
f |
|p ric
|a Texas A&M University
|b Rellis Campus
|c Joint Library Facility
|d Remote Storage
|t 0
|e TJ1075.A2 A25
|h Library of Congress classification
|i unmediated -- volume
|k v.32
|l 1989
|m A14812054494
|
| 952 |
f |
f |
|p ric
|a Texas A&M University
|b Rellis Campus
|c Joint Library Facility
|d Remote Storage
|t 0
|e TJ1075.A2 A25
|h Library of Congress classification
|i unmediated -- volume
|k v.39:no.3-4
|l 1996:July-Oct.
|m A14820949776
|
| 952 |
f |
f |
|p ric
|a Texas A&M University
|b Rellis Campus
|c Joint Library Facility
|d Remote Storage
|t 0
|e TJ1075.A2 A25
|h Library of Congress classification
|i unmediated -- volume
|k v.38:no.1-2
|l 1995:Jan.-Apr.
|m A14819870558
|
| 952 |
f |
f |
|p ric
|a Texas A&M University
|b Rellis Campus
|c Joint Library Facility
|d Remote Storage
|t 0
|e TJ1075.A2 A25
|h Library of Congress classification
|i unmediated -- volume
|k v.44:no.1-2
|l 2001:Jan.-May
|m A14828574478
|
| 952 |
f |
f |
|p ric
|a Texas A&M University
|b Rellis Campus
|c Joint Library Facility
|d Remote Storage
|t 0
|e TJ1075.A2 A25
|h Library of Congress classification
|i unmediated -- volume
|k v.46:no.1-2
|l 2003:Jan.-Apr.
|m A14831800642
|
| 952 |
f |
f |
|p ric
|a Texas A&M University
|b Rellis Campus
|c Joint Library Facility
|d Remote Storage
|t 0
|e TJ1075.A2 A25
|h Library of Congress classification
|i unmediated -- volume
|k v.46:no.3-4
|l 2003:July-Oct.
|m A14831800600
|
| 952 |
f |
f |
|p ric
|a Texas A&M University
|b Rellis Campus
|c Joint Library Facility
|d Remote Storage
|t 0
|e TJ1075.A2 A25
|h Library of Congress classification
|i unmediated -- volume
|k v.38:no.3-4
|l 1995:July-Oct.
|m A14819870508
|
| 952 |
f |
f |
|p ric
|a Texas A&M University
|b Rellis Campus
|c Joint Library Facility
|d Remote Storage
|t 0
|e TJ1075.A2 A25
|h Library of Congress classification
|i unmediated -- volume
|k v.35:no.3-4
|l 1992:July-Oct.
|m A14816141251
|
| 952 |
f |
f |
|p ric
|a Texas A&M University
|b Rellis Campus
|c Joint Library Facility
|d Remote Storage
|t 0
|e TJ1075.A2 A25
|h Library of Congress classification
|i unmediated -- volume
|k v.47:no.3-4
|l 2004:July/Sept.-Oct./Dec.
|m A14832852278
|
| 952 |
f |
f |
|p ric
|a Texas A&M University
|b Rellis Campus
|c Joint Library Facility
|d Remote Storage
|t 0
|e TJ1075.A2 A25
|h Library of Congress classification
|i unmediated -- volume
|k v.37:no.1-2
|l 1994:Jan-Apr.
|m A14818840819
|
| 952 |
f |
f |
|p ric
|a Texas A&M University
|b Rellis Campus
|c Joint Library Facility
|d Remote Storage
|t 0
|e TJ1075.A2 A25
|h Library of Congress classification
|i unmediated -- volume
|k v.45:no.3-4
|l 2002:July-Oct.
|m A14830344732
|
| 952 |
f |
f |
|p ric
|a Texas A&M University
|b Rellis Campus
|c Joint Library Facility
|d Remote Storage
|t 0
|e TJ1075.A2 A25
|h Library of Congress classification
|i unmediated -- volume
|k v.33:no.1-2
|l 1990:Jan.-Apr.
|m A14841632059
|
| 952 |
f |
f |
|p ric
|a Texas A&M University
|b Rellis Campus
|c Joint Library Facility
|d Remote Storage
|t 0
|e TJ1075.A2 A25
|h Library of Congress classification
|i unmediated -- volume
|k v.41:no.3 -4
|l 1998:July-Oct.
|m A14824949532
|
| 952 |
f |
f |
|p ric
|a Texas A&M University
|b Rellis Campus
|c Joint Library Facility
|d Remote Storage
|t 0
|e TJ1075.A2 A25
|h Library of Congress classification
|i unmediated -- volume
|k v.36:no.3-4
|l 1993:July-Oct.
|m A14817238734
|
| 952 |
f |
f |
|p ric
|a Texas A&M University
|b Rellis Campus
|c Joint Library Facility
|d Remote Storage
|t 0
|e TJ1075.A2 A25
|h Library of Congress classification
|i unmediated -- volume
|k v.42:no.3-4
|l 2000:July-Oct.
|m A14827261488
|
| 952 |
f |
f |
|p ric
|a Texas A&M University
|b Rellis Campus
|c Joint Library Facility
|d Remote Storage
|t 0
|e TJ1075.A2 A25
|h Library of Congress classification
|i unmediated -- volume
|k v.34:no.1-2
|l 1991:Jan.-Apr.
|m A14815327935
|
| 998 |
f |
f |
|a TJ1075.A2 A25
|s v.44-48 (2001-2005)
|t 0
|l Remote Storage
|